[Event "CRO-chT4 South"]
[Site "Zadar"]
[Date "2013.10.20"]
[Round "6.4"]
[White "Colak, Dominik"]
[Black "Kovacevic, Ivan"]
[Result "1/2-1/2"]
[WhiteElo "1683"]
[BlackElo "1656"]
[PlyCount "27"]
[EventDate "2013.04.28"]
[EventType "team-tourn"]
[EventRounds "7"]
[EventCountry "CRO"]
[SourceTitle "EXT 2014"]
[Source "ChessBase"]
[SourceDate "2013.11.20"]
[SourceVersion "1"]
[SourceVersionDate "2013.11.20"]
[SourceQuality "1"]
[WhiteTeam "Zadar Casper"]
[BlackTeam "Sinj"]
[WhiteTeamCountry "CRO"]
[BlackTeamCountry "CRO"]

1. e4 c5 2. Nf3 Nc6 3. d4 cxd4 4. Nxd4 Nf6 5. Nc3 d6 6. Be2 g6 7. 0-0 Bg7 8. Nb3 0-0 9. Kh1 Be6 10. f4 Qc8 11. h3 Bxh3 12. gxh3 Qxh3+ 13. Kg1 Qg3+ 14. Kh1 1/2-1/2

[Event "CRO-chT4 South"]
[Site "Zadar"]
[Date "2013.10.13"]
[Round "5.3"]
[White "Kovacevic, Ivan"]
[Black "Vukovic, Igor"]
[Result "0-1"]
[WhiteElo "1656"]
[BlackElo "1761"]
[PlyCount "96"]
[EventDate "2013.04.28"]
[EventType "team-tourn"]
[EventRounds "7"]
[EventCountry "CRO"]
[SourceTitle "EXT 2014"]
[Source "ChessBase"]
[SourceDate "2013.11.20"]
[SourceVersion "1"]
[SourceVersionDate "2013.11.20"]
[SourceQuality "1"]
[WhiteTeam "Sinj"]
[BlackTeam "Split Student"]
[WhiteTeamCountry "CRO"]
[BlackTeamCountry "CRO"]

1. d4 Nf6 2. c4 c5 3. Nf3 g6 4. Nc3 cxd4 5. Nxd4 d6 6. g3 Nc6 7. Bg2 Qb6 8. e3 Bg7 9. 0-0 0-0 10. b3 Bg4 11. Qd2 Nd7 12. Nd5 Qd8 13. Bb2 Nde5 14. f4 Nxd4 15. exd4 Nc6 16. Ne3 Bc8 17. d5 Bxb2 18. Qxb2 Nb4 19. a3 Nd3 20. Qe2 Nc5 21. b4 Nd7 22. Ng4 h5 23. Nf2 a5 24. b5 Nc5 25. Rfe1 Re8 26. Ne4 Bg4 27. Bf3 Nxe4 28. Qxe4 Qb6+ 29. Kg2 Bf5 30. Qe3 Qxe3 31. Rxe3 Rac8 32. Rc1 b6 33. h3 Bd7 34. Be2 Bxb5 35. Rb3 Ba4 36. Rxb6 Rc5 37. Bd3 Rec8 38. Rcb1 Kg7 39. Kf2 Bd7 40. Kg2 Bf5 41. Be2 Bxb1 42. Rxb1 e6 43. dxe6 fxe6 44. Rd1 d5 45. cxd5 Rxd5 46. Re1 Rd2 47. Kf2 Rc3 48. a4 Ra2 0-1

[Event "CRO-chT4 South"]
[Site "Zadar"]
[Date "2013.04.28"]
[Round "1.3"]
[White "Kovacevic, Ivan"]
[Black "Protic, Rade"]
[Result "1-0"]
[WhiteElo "1656"]
[BlackElo "1421"]
[PlyCount "65"]
[EventDate "2013.04.28"]
[EventType "team-tourn"]
[EventRounds "7"]
[EventCountry "CRO"]
[SourceTitle "EXT 2014"]
[Source "ChessBase"]
[SourceDate "2013.11.20"]
[SourceVersion "1"]
[SourceVersionDate "2013.11.20"]
[SourceQuality "1"]
[WhiteTeam "Sinj"]
[BlackTeam "Mravince III"]
[WhiteTeamCountry "CRO"]
[BlackTeamCountry "CRO"]

1. d4 d5 2. c4 e6 3. Nf3 c6 4. Nc3 Bb4 5. e3 Ne7 6. Qc2 Nd7 7. a3 Ba5 8. b4 Bb6 9. e4 Bc7 10. e5 h6 11. c5 Nf8 12. Bd3 Nf5 13. g4 Nh4 14. Qe2 Nfg6 15. Rg1 Qe7 16. Bd2 Bd8 17. 0-0-0 Bd7 18. Ne1 Qf8 19. f4 Ne7 20. Qf2 g5 21. fxg5 hxg5 22. Bxg5 Neg6 23. Bf6 Bxf6 24. Qxf6 Qe7 25. Rf1 Qxf6 26. Rxf6 Ke7 27. Rd2 Rhf8 28. Rdf2 Be8 29. b5 Rg8 30. bxc6 bxc6 31. Rb2 Bd7 32. Rb7 Nf8 33. h3 1-0

[Event "CRO-chT2 East"]
[Site "Osijek"]
[Date "2013.04.21"]
[Round "3.45"]
[White "Kovacevic, Ivan"]
[Black "Grguric, Stjepan Kresimir"]
[Result "1/2-1/2"]
[WhiteElo "1854"]
[BlackElo "2022"]
[PlyCount "20"]
[EventDate "2013.04.20"]
[EventType "team-tourn"]
[EventRounds "11"]
[EventCountry "CRO"]
[SourceTitle "EXT 2023"]
[Source "ChessBase"]
[SourceDate "2022.10.05"]
[SourceVersion "1"]
[SourceVersionDate "2022.10.05"]
[SourceQuality "1"]

1. d4 d5 2. c4 dxc4 3. e3 e5 4. Bxc4 exd4 5. Qxd4 Qxd4 6. exd4 Nf6 7. h3 Nc6 8. Nf3 Bb4+ 9. Bd2 0-0 10. 0-0 Bf5 1/2-1/2

[Event "CRO-chT U20 19th"]
[Site "Sv Filip i Jakov"]
[Date "2010.04.08"]
[Round "6.32"]
[White "Ostovic, Matija"]
[Black "Kovacevic, Ivan"]
[Result "1-0"]
[WhiteElo "2185"]
[BlackElo "1892"]
[PlyCount "101"]
[EventDate "2010.04.06"]
[EventType "team-tourn"]
[EventRounds "11"]
[EventCountry "CRO"]
[SourceTitle "EXT 2011"]
[Source "ChessBase"]
[SourceDate "2010.11.26"]
[SourceVersion "1"]
[SourceVersionDate "2010.11.26"]
[SourceQuality "1"]

1. Nf3 e6 2. c4 d5 3. cxd5 exd5 4. d4 Nf6 5. Nc3 c6 6. Bg5 Be7 7. Qc2 0-0 8. e3 Re8 9. Bd3 h6 10. Bh4 Nbd7 11. 0-0 b6 12. Rfe1 Bb7 13. e4 dxe4 14. Nxe4 c5 15. Nxf6+ Nxf6 16. dxc5 Bxc5 17. Rxe8+ Qxe8 18. Bxf6 gxf6 19. Re1 Qd7 20. Rd1 Qg4 21. h3 Qf4 22. Qc4 Qxc4 23. Bxc4 Bc6 24. Bd5 Bxd5 25. Rxd5 Re8 26. Kf1 Re4 27. Nd2 Ra4 28. a3 Rd4 29. Rxd4 Bxd4 30. b3 b5 31. Ke2 Kf8 32. f3 f5 33. Kd3 Be5 34. a4 a6 35. axb5 axb5 36. Nb1 Ke7 37. Nc3 Bxc3 38. Kxc3 Kd6 39. Kb4 Kc6 40. Ka5 Kc5 41. b4+ Kc4 42. f4 h5 43. h4 f6 44. g3 Kd4 45. Kxb5 Ke3 46. Kc4 Kf3 47. b5 Kxg3 48. b6 Kxf4 49. b7 Kg4 50. b8Q f4 51. Kd3 1-0

[Event "CRO-chT U20 19th"]
[Site "Sv Filip i Jakov"]
[Date "2010.04.07"]
[Round "3.12"]
[White "Kovacevic, Ivan"]
[Black "Havas, Janko"]
[Result "0-1"]
[WhiteElo "1892"]
[BlackElo "2090"]
[PlyCount "42"]
[EventDate "2010.04.06"]
[EventType "team-tourn"]
[EventRounds "11"]
[EventCountry "CRO"]
[SourceTitle "EXT 2011"]
[Source "ChessBase"]
[SourceDate "2010.11.26"]
[SourceVersion "1"]
[SourceVersionDate "2010.11.26"]
[SourceQuality "1"]

1. d4 Nf6 2. c4 g6 3. Nc3 Bg7 4. e4 d6 5. Nf3 0-0 6. Be2 e5 7. 0-0 Nc6 8. d5 Ne7 9. Re1 Ne8 10. b4 f5 11. a4 Nf6 12. Nd2 f4 13. c5 g5 14. Nc4 g4 15. Ba3 Ng6 16. cxd6 cxd6 17. b5 f3 18. gxf3 gxf3 19. Bxf3 Ne8 20. Bc1 Qf6 21. Bg4 Bxg4 0-1

[Event "CRO-chT U20 18th"]
[Site "Sv Filip i Jakov"]
[Date "2009.04.17"]
[Round "7"]
[White "Sagi, Franko"]
[Black "Kovacevic, Ivan"]
[Result "1-0"]
[WhiteElo "2044"]
[BlackElo "1884"]
[PlyCount "71"]
[EventDate "2009.04.14"]
[EventType "team-tourn"]
[EventRounds "11"]
[EventCountry "CRO"]
[SourceTitle "CBM 129 Extra"]
[Source "ChessBase"]
[SourceDate "2009.05.05"]
[SourceVersion "2"]
[SourceVersionDate "2009.05.20"]
[SourceQuality "1"]

1. e4 e6 2. d4 d5 3. exd5 exd5 4. Bd3 Nc6 5. c3 Bd6 6. Ne2 Nge7 7. Bf4 Bg4 8. f3 Bf5 9. 0-0 Bxf4 10. Nxf4 Qd6 11. Bxf5 Nxf5 12. Re1+ Nfe7 13. Nd3 0-0-0 14. b4 f6 15. Nd2 g5 16. Nb3 Ng6 17. Nbc5 Rde8 18. Qa4 Nf4 19. b5 Nxd3 20. Rxe8+ Rxe8 21. bxc6 Nxc5 22. cxb7+ Nxb7 23. Qxe8+ Nd8 24. a4 Qf4 25. Qe2 h5 26. a5 f5 27. Re1 g4 28. fxg4 fxg4 29. Qa6+ Kd7 30. Qb5+ c6 31. Qc5 g3 32. Qxa7+ Kc8 33. hxg3 Qxg3 34. Re7 Qd6 35. Qa8+ Qb8 36. Qa6+ 1-0

[Event "CRO-chT U20 18th"]
[Site "Sv Filip i Jakov"]
[Date "2009.04.14"]
[Round "2"]
[White "Racki, Barbara"]
[Black "Kovacevic, Ivan"]
[Result "0-1"]
[WhiteElo "1661"]
[BlackElo "1884"]
[PlyCount "53"]
[EventDate "2009.04.14"]
[EventType "team-tourn"]
[EventRounds "11"]
[EventCountry "CRO"]
[SourceTitle "CBM 129 Extra"]
[Source "ChessBase"]
[SourceDate "2009.05.05"]
[SourceVersion "2"]
[SourceVersionDate "2009.05.20"]
[SourceQuality "1"]

1. e4 e6 2. d4 d5 3. exd5 exd5 4. Bd3 Bd6 5. h3 Ne7 6. Nf3 Nbc6 7. c3 h6 8. Nbd2 Be6 9. Nf1 Qd7 10. Bd2 0-0-0 11. Qc2 f5 12. 0-0-0 f4 13. Be1 g5 14. N1d2 Nf5 15. Nb3 Rdg8 16. c4 dxc4 17. Bxc4 Bxc4 18. Qxc4 g4 19. Ne5 Bxe5 20. dxe5 Nxe5 21. Qc2 Nd6 22. Bc3 Rg5 23. hxg4 Re8 24. f3 Nec4 25. Bd2 Re2 26. Rxh6 Qg7 27. Qh7 0-1

[Event "CRO-ch U17"]
[Site "Bjelolasica"]
[Date "2008.07.21"]
[Round "3"]
[White "Kovacevic, Ivan"]
[Black "Muskardin, Mario"]
[Result "1/2-1/2"]
[WhiteElo "1870"]
[BlackElo "2008"]
[PlyCount "43"]
[EventDate "2008.07.20"]
[EventType "swiss"]
[EventRounds "9"]
[EventCountry "CRO"]
[SourceTitle "CBM 125 Extra"]
[Source "ChessBase"]
[SourceDate "2008.09.01"]
[SourceVersion "1"]
[SourceVersionDate "2008.09.01"]
[SourceQuality "1"]

1. d4 d5 2. c4 c6 3. Nf3 Nf6 4. Nc3 e6 5. cxd5 exd5 6. Bg5 h6 7. Bh4 Nbd7 8. e3 Bd6 9. Bd3 0-0 10. 0-0 Re8 11. a3 Nf8 12. Nd2 g5 13. Bg3 Bg4 14. Qc2 Bxg3 15. hxg3 Bh5 16. Rae1 Bg6 17. Nf3 Bxd3 18. Qxd3 Ne4 19. Ne5 f6 20. Nxe4 fxe5 21. Nc3 e4 22. Qe2 1/2-1/2

[Event "CRO-chT U20 17th"]
[Site "Sv Filip i Jakov"]
[Date "2008.03.29"]
[Round "9"]
[White "Kovacevic, Ivan"]
[Black "Jambrusic, Zvonimir"]
[Result "1/2-1/2"]
[WhiteElo "1891"]
[BlackElo "1947"]
[PlyCount "112"]
[EventDate "2008.03.25"]
[EventType "team-tourn"]
[EventRounds "11"]
[EventCountry "CRO"]
[SourceTitle "EXT 2010"]
[Source "ChessBase"]
[SourceDate "2010.11.25"]
[SourceVersion "1"]
[SourceVersionDate "2010.11.25"]
[SourceQuality "1"]

1. d4 d5 2. c4 c6 3. Nf3 Nf6 4. Nc3 a6 5. a4 Bf5 6. Qb3 Bc8 7. e3 e6 8. Ne5 Nbd7 9. f4 dxc4 10. Bxc4 Nb6 11. a5 Nxc4 12. Qxc4 Nd5 13. e4 Nf6 14. 0-0 Be7 15. Be3 0-0 16. Rfd1 Qd6 17. Nxf7 Rxf7 18. e5 Qb4 19. Qxb4 Bxb4 20. exf6 Bxc3 21. bxc3 Rxf6 22. g4 Rf7 23. Rab1 Rb8 24. Rd2 Bd7 25. Rdb2 Be8 26. Rb6 Re7 27. Rxa6 Bg6 28. Rb2 Bd3 29. Rxc6 Ra8 30. Rc5 Ba6 31. Kf2 Ree8 32. Bd2 Rf8 33. Kg3 Rac8 34. Rxc8 Rxc8 35. Kf3 Rc4 36. Rb4 Rc7 37. Ke4 Kf7 38. Ke5 Rd7 39. Rb6 Rd5+ 40. Ke4 Rxa5 41. Rb2 Rd5 42. f5 Rd6 43. Bf4 exf5+ 44. gxf5 Rc6 45. Rb3 Ke7 46. Be5 Kf7 47. Ra3 Bf1 48. Ke3 Bh3 49. Ra7 Rb6 50. Kf4 Bg2 51. c4 Rb4 52. c5 Bd5 53. Ra3 Rb2 54. Kg4 Rg2+ 55. Kh3 Rf2 56. Kg4 Rg2+ 1/2-1/2